Normal view
MARC view
- Sagar ,Tarique Ismail
Entry Personal Name
001 - CONTROL NUMBER
- control field: 109548
003 - CONTROL NUMBER IDENTIFIER
- control field: NUST
005 - DATE AND TIME OF LATEST TRANSACTION
- control field: 20230223184441.0
008 - FIXED-LENGTH DATA ELEMENTS
- fixed length control field: 230223|| aca||aabn | a|a d
040 ## - CATALOGING SOURCE
- Original cataloging agency: NUST
- Transcribing agency: NUST
100 ## - HEADING--PERSONAL NAME
- Personal name: Sagar ,Tarique Ismail
670 ## - SOURCE DATA FOUND
- Source citation: Work cat.: (NUST)187928: Sagar ,Tarique Ismail, RAW - Research and Analysis Wing / را ریسرچ اور اینالیسز ونگ (English & Urdu) /, 2005
